[Event "Olimpiade 2018 - Open"]
[Site "Batumi"]
[Date "27.09.2018"]
[Round "4.85"]
[Board "2"]
[White "Jacob, Jallah"]
[Black "Tan, Santiago Jr"]
[Result "1-0"]
[WhiteTitle "CM"]
[WhiteElo "1835"]
[BlackElo "1823"]
[WhiteTeam "Liberia"]
[BlackTeam "Palau"]
[WhiteFideId "22600124"]
[BlackFideId "16601661"]
[EventDate "2018.09.24"]

1. c4 d6 2. Nc3 e6 3. g3 Ne7 4. Bg2 Nd7 5. d4 Ng6 6. Nf3 Be7 7. h4 c6 8. h5 Ngf8
9. h6 g6 10. e4 e5 11. d5 c5 12. Qd3 Nb6 13. a4 Bd7 14. a5 Nc8 15. b3 a6 16. Bd2
Na7 17. Nd1 Bg4 18. b4 Nd7 19. b5 O-O 20. b6 Nc8 21. Nh2 Bxd1 22. Rxd1 Bf6 23.
Bh3 Re8 24. Qf3 Be7 25. O-O f6 26. Be6+ Kh8 27. Bf7 Rf8 28. Be6 Qe8 29. Qg4 f5
30. exf5 Nf6 31. Qh3 gxf5 32. Qxf5 Qh5 33. g4 Qg6 34. f4 Qxf5 35. Bxf5 exf4 36.
g5 Nh5 37. Bc3+ Bf6 38. gxf6 Nxf6 39. Ng4 Ne7 40. Be6 Ng8 41. Nxf6 Nxh6 42. Nh5+ 1-0

[Event "Olimpiade 2018 - Open"]
[Site "Batumi"]
[Date "28.09.2018"]
[Round "5.24"]
[Board "2"]
[White "Erdos, Viktor"]
[Black "Bekker-Jensen, Simon"]
[Result "1/2-1/2"]
[WhiteTitle "GM"]
[BlackTitle "IM"]
[WhiteElo "2609"]
[BlackElo "2482"]
[WhiteTeam "Hungary"]
[BlackTeam "Denmark"]
[WhiteFideId "719978"]
[BlackFideId "1403613"]
[EventDate "2018.09.24"]

1. Nf3 Nf6 2. c4 g6 3. g3 Bg7 4. Bg2 O-O 5. O-O d6 6. d4 Nc6 7. Nc3 e5 8. dxe5
dxe5 9. Bg5 Be6 10. Qc1 Qc8 11. Rd1 Nd7 12. Bh6 Bxc4 13. Bxg7 Kxg7 14. Bh3 f5
15. e4 Be6 16. Ng5 Nb6 17. Nd5 Bg8 18. Qc5 Nd7 19. Qc3 h6 20. Nf3 Be6 21. Nf4
Qe8 22. Nh4 Rf6 23. Nxe6+ Qxe6 24. exf5 gxf5 25. Qd3 Nd4 26. Nxf5+ Nxf5 27.
Qxd7+ Qf7 28. Qxf7+ Rxf7 29. Bxf5 Rxf5 30. Rd7+ Rf7 31. Rad1 Rf8 32. f3 Kg6 33.
Rxf7 Rxf7 34. Kf2 Rf6 35. Rd5 Rb6 36. b3 Kf6 37. Ra5 a6 38. Rc5 c6 39. Ke3 Rb4
40. h4 Ke6 41. Rc1 Rd4 42. Rf1 c5 43. f4 exf4+ 44. Rxf4 Rd1 45. g4 Rh1 46. g5
hxg5 47. hxg5 Rg1 48. Rf6+ 1/2-1/2

[Event "Olimpiade 2018 - Open"]
[Site "Batumi"]
[Date "28.09.2018"]
[Round "5.32"]
[Board "2"]
[White "Ynojosa Aponte, Felix Jose"]
[Black "Nay Oo Kyaw, Tun"]
[Result "0-1"]
[WhiteTitle "IM"]
[BlackTitle "IM"]
[WhiteElo "2370"]
[BlackElo "2389"]
[WhiteTeam "Venezuela"]
[BlackTeam "Myanmar"]
[WhiteFideId "3900258"]
[BlackFideId "13000110"]
[EventDate "2018.09.24"]

1. c4 c6 2. e4 d5 3. cxd5 cxd5 4. exd5 Nf6 5. Qa4+ Nbd7 6. Nc3 g6 7. Bc4 Bg7 8.
d3 O-O 9. Qb3 a6 10. a4 b6 11. Nge2 Bb7 12. Be3 Rc8 13. Nf4 Nc5 14. Qa2 b5 15.
axb5 axb5 16. Nxb5 g5 17. Ne2 Bxd5 18. O-O Nxd3 19. b3 Nb4 20. Qa4 Nc2 21. Rad1
Nxe3 22. fxe3 e6 23. Nec3 Qb6 24. Bxd5 Qxe3+ 25. Kh1 Nxd5 26. Nxd5 exd5 27. Rxd5
Rc1 28. Rf5 Rxf1+ 29. Rxf1 Rc8 30. Qa6 Rc1 31. Nd6 Qf4 32. Qc8+ Rxc8 33. Rxf4
Rc1+ 0-1

[Event "Olimpiade 2018 - Open"]
[Site "Batumi"]
[Date "28.09.2018"]
[Round "5.34"]
[Board "4"]
[White "Burgos Figueroa, Carlos E."]
[Black "Tersinsev, Andrey"]
[Result "1-0"]
[WhiteTitle "IM"]
[WhiteElo "2222"]
[BlackElo "2194"]
[WhiteTeam "El Salvador"]
[BlackTeam "IPCA"]
[WhiteFideId "6700187"]
[BlackFideId "24194662"]
[EventDate "2018.09.24"]

1. Nf3 Nf6 2. g3 g6 3. b3 Bg7 4. Bb2 O-O 5. Bg2 c5 6. O-O d5 7. c4 Nc6 8. cxd5
Nb4 9. Qc1 Qb6 10. d4 cxd4 11. Bxd4 Qa6 12. Nc3 Nbxd5 13. Nxd5 Nxd5 14. Bxg7
Kxg7 15. Rd1 Nf6 16. Qb2 Bg4 17. h3 Bxf3 18. exf3 Rfd8 19. Re1 Rd7 20. g4 Kg8
21. f4 Rad8 22. Qe5 Qb6 23. Re2 Nd5 24. Bxd5 Rxd5 25. Qxe7 Rd3 26. Kg2 Qc6+ 27.
Qe4 Qc3 28. Rae1 Qc7 29. Re3 R3d4 30. Qe5 Qc6+ 31. Rf3 Rd2 32. a4 R2d3 33. Re3
Rd1 34. Rc3 Qa6 35. Rc4 R1d5 36. Qc3 b5 37. Rc6 Qb7 38. Rc7 Qb6 39. a5 Qa6 40.
b4 Qd6 41. f5 Rd4 42. fxg6 fxg6 43. Qb3+ Qd5 44. Qxd5+ R8xd5 45. Rxa7 Rxb4 46.
Re3 Kf8 47. Rxh7 Ra4 48. Rf3+ Kg8 49. Rff7 b4 50. Rfg7+ Kf8 51. Ra7 Kg8 52. Rhb7
Rd8 53. a6 Ra2 54. Rg7+ Kf8 55. Raf7+ Ke8 56. a7 b3 57. Rb7 Kf8 58. Rgc7 b2 59.
Rf7+ Kg8 60. Rg7+ Kf8 61. Rxg6 Rxa7 62. Rf6+ Kg8 63. Rxb2 Rd3 64. Rb8+ Kg7 65.
Rbf8 Rd4 66. Rf4 Rd1 67. h4 1-0

[Event "Olimpiade 2018 - Open"]
[Site "Batumi"]
[Date "28.09.2018"]
[Round "5.38"]
[Board "3"]
[White "Ahmad, Al Khatib"]
[Black "Kantans, Toms"]
[Result "0-1"]
[WhiteTitle "IM"]
[BlackTitle "GM"]
[WhiteElo "2355"]
[BlackElo "2509"]
[WhiteTeam "Jordan"]
[BlackTeam "Latvia"]
[WhiteFideId "8103178"]
[BlackFideId "11602945"]
[EventDate "2018.09.24"]

1. e4 c5 2. Nf3 e6 3. b3 b6 4. Bd3 Bb7 5. O-O Nc6 6. Re1 d6 7. Bb2 Nf6 8. Bf1
Rc8 9. c3 Be7 10. d4 cxd4 11. cxd4 d5 12. e5 Ne4 13. a3 O-O 14. b4 f5 15. exf6
Bxf6 16. Nbd2 Nxf2 17. Qb1 Ne4 18. Nxe4 dxe4 19. Rxe4 Ne7 20. Rxe6 Bxf3 21. gxf3
Bxd4+ 22. Kh1 Nf5 23. Qa2 Kh8 24. Bxd4 Qxd4 25. Rae1 Qf4 26. Bg2 Rc1 27. Qf2 h6
28. Re4 Qc7 29. Qd2 Rc2 30. Qd5 Qc8 31. a4 Rd8 32. Qxd8+ Qxd8 33. Re8+ Qxe8 34.
Rxe8+ Kh7 35. Bf1 Rd2 36. Bc4 Nh4 37. Be2 Rd4 38. Re4 Rxe4 39. Bd3 Kg6 40. Bxe4+
Kg5 41. Kg1 Kf4 42. Kf2 g5 43. Bc6 Nf5 44. a5 Nd4 45. axb6 axb6 46. b5 h5 47.
Kg2 h4 48. Kh3 Nf5 49. Kg2 Ne3+ 50. Kf2 Nc4 51. Ke2 Ne5 52. Kf2 Nd3+ 53. Ke2 Nb4
54. Kf2 Ke5 55. Be8 Nd5 56. Bc6 Kd4 57. Kg2 Nf4+ 58. Kf2 Nd3+ 59. Kg2 Ke3 60.
Kh3 Ne5 61. Kg2 Ke2 62. Kh3 Kf2 63. f4 gxf4 64. Kxh4 Ke3 65. Kg5 Nf3+ 66. Bxf3
Kxf3 67. h4 Ke4 68. h5 f3 69. h6 f2 70. h7 f1=Q 71. h8=Q Qg2+ 72. Kh6 Qh3+ 73.
Kg7 Qxh8+ 74. Kxh8 Kd5 75. Kg7 Kc5 76. Kf6 Kxb5 77. Ke5 Kc4 0-1

[Event "Olimpiade 2018 - Open"]
[Site "Batumi"]
[Date "30.09.2018"]
[Round "6.16"]
[Board "3"]
[White "Svetushkin, Dmitry"]
[Black "Kosic, Dragan"]
[Result "1/2-1/2"]
[WhiteTitle "GM"]
[BlackTitle "GM"]
[WhiteElo "2580"]
[BlackElo "2465"]
[WhiteTeam "Moldova"]
[BlackTeam "Montenegro"]
[WhiteFideId "13900463"]
[BlackFideId "900290"]
[EventDate "2018.09.24"]

1. e4 e6 2. d4 d5 3. Nc3 Nf6 4. e5 Nfd7 5. f4 c5 6. Nf3 Nc6 7. Be3 Be7 8. Qd2
O-O 9. Be2 a6 10. O-O b5 11. Nd1 cxd4 12. Nxd4 Bb7 13. c3 Rc8 14. Nf2 Nc5 15.
Nxc6 Bxc6 16. Bd4 Bd7 17. Qe3 Qc7 18. b4 Na4 19. Ng4 Nxc3 20. Bd3 Ne4 21. Bxe4
dxe4 22. a3 Kh8 23. Rad1 Qb7 24. Qg3 Rfd8 25. Ne3 Bf8 26. Qh4 Bc6 27. f5 Bd5 28.
f6 g6 29. Bc5 Rxc5 30. bxc5 Bxc5 31. Qh6 Bf8 32. Qh3 Qc7 33. Qg3 Qc5 34. Qf4 Qb6
35. Kh1 a5 36. h4 b4 37. axb4 axb4 38. h5 gxh5 39. g4 h4 40. Rd2 Bc5 41. Nxd5
exd5 42. Qg5 Bf8 43. Rh2 Qa6 44. Qf5 Qd3 45. Rxh4 h6 46. Qf4 e3 47. Rh3 d4 48.
g5 b3 49. Rg1 Qg6 50. Rh2 Rc8 51. e6 fxe6 52. gxh6 Qf5 53. h7 Rc1 54. Qg3 Qe4+
55. Rg2 Rxg1+ 56. Kxg1 Qb1+ 57. Kh2 Qxh7+ 58. Kg1 Qb1+ 59. Kh2 Qh7+ 60. Kg1 Qb1+
61. Kh2 Qh7+ 1/2-1/2

[Event "Olimpiade 2018 - Open"]
[Site "Batumi"]
[Date "30.09.2018"]
[Round "6.30"]
[Board "3"]
[White "Abdulwahhab, Ahmed Abdulsattar A"]
[Black "Wong, Brian"]
[Result "0-1"]
[WhiteTitle "FM"]
[BlackTitle "FM"]
[WhiteElo "2271"]
[BlackElo "2024"]
[WhiteTeam "Iraq"]
[BlackTeam "Hong Kong"]
[WhiteFideId "4801849"]
[BlackFideId "6001394"]
[EventDate "2018.09.24"]

1. e4 e5 2. Nf3 f5 3. Nc3 Nf6 4. d4 exd4 5. Nxd4 fxe4 6. Bg5 Be7 7. Nf5 O-O 8.
Nd5 Nc6 9. Bc4 Nxd5 10. Nxe7+ Nxe7 11. Bxd5+ Kh8 12. Bxe4 d5 13. Bd3 Bf5 14. O-O
Qd7 15. Re1 Ng6 16. Qd2 Bxd3 17. Qxd3 Qg4 18. Qg3 Qf5 19. Re2 h6 20. Be3 Rac8
21. Rae1 c5 22. c3 b6 23. h3 Kh7 24. Bd2 d4 25. cxd4 cxd4 26. Bb4 Rf7 27. Rd2
Rc2 28. Qg4 Qxg4 29. hxg4 d3 30. f3 Rfc7 31. Red1 Ne5 32. Bd6 Rxd2 33. Rxd2 Rc2
34. Rd1 d2 35. Kf1 Nc4 36. Ba3 Ne3+ 37. Ke2 Nxd1 38. Kxd1 Rc1+ 39. Kxd2 Rg1 40.
Bd6 Rxg2+ 41. Kc3 Rf2 42. f4 Rg2 43. Bb8 a6 44. Bc7 b5 45. g5 h5 0-1

[Event "Olimpiade 2018 - Open"]
[Site "Batumi"]
[Date "30.09.2018"]
[Round "6.33"]
[Board "3"]
[White "Methu, Joseph Muragu"]
[Black "Martinez Romero, Martin"]
[Result "0-1"]
[BlackTitle "IM"]
[WhiteElo "2041"]
[BlackElo "2438"]
[WhiteTeam "Kenya"]
[BlackTeam "Colombia"]
[WhiteFideId "10804714"]
[BlackFideId "4404025"]
[EventDate "2018.09.24"]

1. d4 Nf6 2. c4 e6 3. Nc3 Bb4 4. e3 O-O 5. Bd3 c5 6. Ne2 d5 7. cxd5 exd5 8. a3
Bxc3+ 9. bxc3 b6 10. O-O Ba6 11. f3 Re8 12. Ng3 Bxd3 13. Qxd3 Nc6 14. Bb2 c4 15.
Qd2 h5 16. Rae1 h4 17. Nf5 Ne7 18. Nxe7+ Qxe7 19. Qf2 Nh5 20. e4 Nf4 21. Re3 Qg5
22. Kh1 Nd3 23. Rxd3 cxd3 24. f4 Qg4 25. e5 a5 26. Re1 Qf5 27. Bc1 b5 28. Bd2
Rac8 29. Qxh4 b4 30. cxb4 Rc2 31. g4 Qh7 32. Qxh7+ Kxh7 33. Rd1 a4 34. b5 Rb8
35. Bb4 d2 36. Bxd2 Rxb5 37. f5 Rbb2 38. Bf4 Re2 39. Bg3 Ra2 40. g5 Rxa3 41. e6
fxe6 42. f6 gxf6 43. gxf6 Rf3 44. Bd6 a3 45. f7 a2 0-1

[Event "Olimpiade 2018 - Open"]
[Site "Batumi"]
[Date "30.09.2018"]
[Round "6.36"]
[Board "4"]
[White "Jeitz, Christian"]
[Black "Kaouri, Mahdi"]
[Result "0-1"]
[WhiteElo "2220"]
[BlackElo "2106"]
[WhiteTeam "Luxembourg"]
[BlackTeam "Lebanon"]
[WhiteFideId "4000803"]
[BlackFideId "5302803"]
[EventDate "2018.09.24"]

1. e4 e6 2. d4 d5 3. Nc3 Bb4 4. e5 c5 5. a3 Ba5 6. b4 cxd4 7. Nb5 Bc7 8. f4 Ne7
9. Nf3 Nbc6 10. Bd3 a6 11. Nxc7+ Qxc7 12. Bb2 Bd7 13. Qd2 Rc8 14. Nxd4 Nxd4 15.
Bxd4 Bb5 16. O-O Nf5 17. Bc5 b6 18. Bf2 O-O 19. g4 Ne7 20. Bd4 Qb8 21. f5 exf5
22. gxf5 Nc6 23. Qe3 Bxd3 24. cxd3 Nxd4 25. Qxd4 f6 26. Qxd5+ Kh8 27. d4 Rfd8
28. Qe4 Rc4 29. Rad1 fxe5 30. Qxe5 Qc8 31. Rd2 Re8 32. Qf4 Rc1 33. Rf2 Rc6 34.
d5 Rf6 35. Qd4 Qd7 36. Qd3 b5 37. Re2 Rxe2 38. Qxe2 Qxd5 39. Rd1 Qxf5 40. Rd8+
Rf8 41. Rxf8+ Qxf8 42. Qe6 Qa8 43. h3 h6 44. Kh2 Qb8+ 45. Kg2 Qb7+ 46. Kh2 Qc7+
47. Kg2 Qc2+ 48. Kh1 Qc1+ 49. Kh2 Qf4+ 50. Kh1 Qf6 51. Qe8+ Kh7 52. Qe4+ Qg6 53.
Qa8 Qe6 54. Kh2 g5 55. Qf3 Qd6+ 56. Kh1 Kg7 57. Qb7+ Kf6 58. Qf3+ Ke7 59. Qb7+
Qd7 60. Qe4+ Qe6 61. Qb7+ Kf6 62. Qf3+ Kg6 63. Qd3+ Kh5 64. Qf3+ Kh4 65. Kg2
Qa2+ 66. Kh1 Qb1+ 67. Kg2 Qc2+ 68. Kg1 Qc1+ 69. Kg2 Qd2+ 70. Kh1 Qf4 71. Qd3 Qg3
72. Qe4+ g4 73. a4 Kxh3 74. Qe2 Qf3+ 0-1

[Event "Olimpiade 2018 - Open"]
[Site "Batumi"]
[Date "30.09.2018"]
[Round "6.38"]
[Board "1"]
[White "Johnson, Joshua"]
[Black "Munoz Santana, Jose Lisandro"]
[Result "0-1"]
[WhiteTitle "FM"]
[BlackTitle "IM"]
[WhiteElo "2261"]
[BlackElo "2434"]
[WhiteTeam "Trinidad & Tobago"]
[BlackTeam "Dominican Republic"]
[WhiteFideId "7700768"]
[BlackFideId "6400361"]
[EventDate "2018.09.24"]

1. e4 c5 2. Nf3 e6 3. d4 cxd4 4. Nxd4 a6 5. Nc3 Qc7 6. g3 Bb4 7. Ne2 Nf6 8. Bg2
O-O 9. O-O Be7 10. h3 Nc6 11. a4 Rb8 12. g4 d6 13. Ng3 b5 14. axb5 axb5 15. Be3
b4 16. Nce2 d5 17. g5 Nxe4 18. Nxe4 dxe4 19. Ng3 Rd8 20. Qh5 Rb5 21. Bxe4 f5 22.
gxf6 Rxh5 23. fxe7 Nxe7 24. Nxh5 Qe5 25. Ng3 Nf5 26. Nxf5 exf5 27. Bg2 f4 28.
Bb6 Re8 29. c3 bxc3 30. bxc3 Qg5 31. Kh2 f3 32. Bxf3 Qf4+ 33. Kg2 Bxh3+ 34. Kxh3
Qxf3+ 35. Kh2 Re5 36. Ra5 Rxa5 37. Bxa5 Qh5+ 0-1

[Event "Olimpiade 2018 - Open"]
[Site "Batumi"]
[Date "30.09.2018"]
[Round "6.38"]
[Board "2"]
[White "Abreu Jean, Carlos Paul"]
[Black "Harper, Ryan"]
[Result "1-0"]
[WhiteTitle "FM"]
[BlackTitle "FM"]
[WhiteElo "2310"]
[BlackElo "2226"]
[WhiteTeam "Dominican Republic"]
[BlackTeam "Trinidad & Tobago"]
[WhiteFideId "6405525"]
[BlackFideId "7700156"]
[EventDate "2018.09.24"]

1. d4 Nf6 2. c4 e6 3. Nc3 Bb4 4. e3 O-O 5. Bd3 c5 6. Ne2 d5 7. cxd5 cxd4 8. exd4
Nxd5 9. a3 Be7 10. O-O Nc6 11. Qc2 h6 12. Rd1 Bf6 13. Bc4 Nce7 14. Ba2 Re8 15.
Bb1 Ng6 16. Nxd5 exd5 17. Nf4 Nf8 18. Be3 Bg4 19. Rf1 g5 20. Nd3 Bf5 21. Qd1 b6
22. Qh5 Kg7 23. Ne5 Bg6 24. Qd1 Bxb1 25. Rxb1 Ng6 26. f4 gxf4 27. Bxf4 Bxe5 28.
dxe5 Nxf4 29. Rxf4 Rxe5 30. Qd4 Qe7 31. b4 f6 32. Rbf1 Rf8 33. Rg4+ Rg5 34. h4
Rxg4 35. Qxg4+ Kh8 36. Qf4 Kg7 37. Rf3 Qe1+ 38. Kh2 Qe5 39. Rg3+ Kf7 40. Qxh6
Ke7 41. Qg6 d4 42. Kh3 Qe6+ 43. Qg4 Rd8 44. Rd3 Qe5 45. Qf3 Rc8 46. h5 f5 47.
Qb7+ Rc7 48. Qb8 f4 49. Kg4 Kd7 50. Qa8 Ke6 51. Qe8+ Kd5 52. Qd8+ Ke4 53. Rxd4+
Ke3 54. Rd3+ Ke4 55. Rf3 Qf5+ 56. Kh4 Rd7 57. Qe8+ Kd4 58. Qg6 Qxg6 59. hxg6 Ke5
60. Kg5 Rd2 61. g3 fxg3 62. Re3+ Kd6 63. Rxg3 Ke7 64. Rc3 a5 65. bxa5 bxa5 66.
Kh6 Rh2+ 67. Kg7 Kd6 68. Re3 Rg2 69. Kf7 Rf2+ 70. Kg8 Rg2 71. g7 Rg4 72. Rh3 Ke7
73. Kh8 Kf7 74. Rf3+ Ke7 75. g8=Q Rh4+ 76. Qh7+ 1-0

[Event "Olimpiade 2018 - Open"]
[Site "Batumi"]
[Date "30.09.2018"]
[Round "6.39"]
[Board "1"]
[White "Tologontegin, Semetey"]
[Black "Kayonde, Andrew"]
[Result "0-1"]
[WhiteTitle "IM"]
[BlackTitle "IM"]
[WhiteElo "2419"]
[BlackElo "2393"]
[WhiteTeam "Kyrgyzstan"]
[BlackTeam "Zambia"]
[WhiteFideId "13800574"]
[BlackFideId "8700281"]
[EventDate "2018.09.24"]

1. e4 c6 2. d4 d5 3. e5 Bf5 4. Nf3 e6 5. Be2 Ne7 6. O-O c5 7. Be3 cxd4 8. Nxd4
Nbc6 9. g4 Bg6 10. f4 Nxd4 11. Qxd4 a6 12. Qd1 Rc8 13. Nc3 h5 14. gxh5 Bf5 15.
Rc1 g6 16. Bf3 gxh5 17. Ne2 Bh3 18. Re1 Nf5 19. Bf2 Nh4 20. Bh1 Rg8+ 21. Ng3 Rc4
22. Be3 Nf5 23. Qxh5 Bg4 24. Qh7 Rg7 25. Qh8 Nxe3 26. Rxe3 Qb6 27. Re1 Rxc2 28.
Bg2 Qxb2 29. Bf3 Rc1 30. Kf1 Qd2 31. Rxc1 Qxc1+ 32. Kf2 Bxf3 33. Kxf3 Qd1+ 34.
Kf2 d4 35. Rb3 Qc2+ 36. Kf1 Rh7 37. Qg8 Rxh2 0-1

[Event "Olimpiade 2018 - Open"]
[Site "Batumi"]
[Date "30.09.2018"]
[Round "6.55"]
[Board "3"]
[White "Walker, Martin G"]
[Black "Saeheng, Boonsueb"]
[Result "1/2-1/2"]
[WhiteTitle "FM"]
[BlackTitle "FM"]
[WhiteElo "2078"]
[BlackElo "2163"]
[WhiteTeam "South Korea"]
[BlackTeam "Thailand"]
[WhiteFideId "410969"]
[BlackFideId "6200184"]
[EventDate "2018.09.24"]

1. e4 c5 2. Nf3 d6 3. Bb5+ Nd7 4. d4 cxd4 5. Qxd4 e5 6. Qb4 h6 7. O-O Nf6 8. Nc3
Qc7 9. Nd5 Nxd5 10. exd5 a6 11. Bxd7+ Bxd7 12. Be3 Rc8 13. c4 Be7 14. Rfc1 a5
15. Qb3 O-O 16. Bb6 Qb8 17. Bxa5 b5 18. cxb5 Qxb5 19. Qxb5 Bxb5 20. Bb4 Bc4 21.
Nxe5 Bxd5 22. Nd3 Bc4 23. Ne5 dxe5 24. Bxe7 Rfe8 25. Bd6 Bxa2 26. Rxc8 Rxc8 27.
Bxe5 Bb3 28. h3 Rc5 29. Ra8+ Kh7 30. Rb8 Rxe5 31. Rxb3 Re1+ 32. Kh2 g5 33. Kg3
Re2 34. Kf3 Rc2 35. Rb6 Kg7 36. g4 Kh7 37. Ke3 Kg7 38. Kf3 Rd2 39. Kg3 Rc2 40.
b4 Rb2 41. b5 Rb3+ 42. Kg2 Rb4 43. Rb8 Kf6 44. b6 Ke5 45. Kf3 Rb3+ 46. Ke2 Kf4
47. Rf8 Rxb6 48. Rxf7+ Ke4 49. Rh7 Rb2+ 50. Kf1 Rb6 51. Kg2 Ke5 52. Rf7 Ke6 53.
Rh7 Ke5 54. Kg3 Ra6 55. h4 Rg6 56. f3 Ke6 57. Ra7 Ke5 58. Ra5+ Kf6 59. Ra6+ Kg7
60. Rxg6+ Kxg6 61. Kf2 Kf6 62. Ke3 Ke5 63. f4+ gxf4+ 64. Kf3 Ke6 65. Ke4 Kf7 66.
Kxf4 Kf6 67. Ke4 Ke6 68. Kd4 Kd6 69. Ke3 Ke7 70. Kf3 Kf7 71. Kg3 Kg7 72. Kf4 Kf6 1/2-1/2

[Event "Olimpiade 2018 - Open"]
[Site "Batumi"]
[Date "30.09.2018"]
[Round "6.68"]
[Board "2"]
[White "Savva, Panikos"]
[Black "Al Azmi, Khalaf"]
[Result "1-0"]
[WhiteTitle "CM"]
[WhiteElo "2062"]
[BlackElo "1785"]
[WhiteTeam "Cyprus"]
[BlackTeam "Kuwait"]
[WhiteFideId "5900077"]
[BlackFideId "10300040"]
[EventDate "2018.09.24"]

1. d4 Nf6 2. c4 e6 3. Nc3 Bb4 4. e3 O-O 5. Ne2 d5 6. a3 Bxc3+ 7. Nxc3 Nbd7 8.
Qc2 b6 9. cxd5 exd5 10. Be2 Bb7 11. O-O Rc8 12. Bf3 Re8 13. Qf5 Nf8 14. Bd2 Ne6
15. Rfd1 g6 16. Qd3 Ng5 17. Be2 c5 18. dxc5 bxc5 19. Be1 Qe7 20. h4 Nge4 21. Bf3
Nxc3 22. Bxc3 Ne4 23. Bxe4 Qxe4 24. Qxe4 Rxe4 25. g3 Rd8 26. Rac1 f5 27. Bf6 Rc8
28. Rc3 h6 29. Rdc1 Rf8 30. Rb3 Ba6 31. Bc3 d4 32. exd4 cxd4 33. Bd2 h5 34. Rc6
Bc8 35. Rxg6+ Kf7 36. Rc6 Re2 37. Rc7+ Ke6 38. Bg5 Re1+ 39. Kg2 Rf7 40. Rxc8 Rd1
41. Rb5 Rd7 42. Rc6+ Kf7 43. Rxf5+ Kg7 44. Bh6+ Kg8 45. Bf4 d3 46. Rg5+ Kf7 47.
Rxh5 Kg8 48. Rc8+ Kg7 49. Rg5+ Kf6 50. Rf8+ Ke7 51. Rg7+ 1-0

[Event "Olimpiade 2018 - Open"]
[Site "Batumi"]
[Date "30.09.2018"]
[Round "6.77"]
[Board "1"]
[White "Kamara, Ansumana"]
[Black "Al Ghamdi, Ahmed M"]
[Result "1-0"]
[WhiteTitle "CM"]
[BlackTitle "CM"]
[WhiteElo "1910"]
[BlackElo "2126"]
[WhiteTeam "Sierra Leone"]
[BlackTeam "Saudi Arabia"]
[WhiteFideId "1622218"]
[BlackFideId "21500150"]
[EventDate "2018.09.24"]

1. e4 e5 2. Nf3 Nc6 3. Bb5 a6 4. Ba4 d6 5. O-O Bg4 6. c3 Qf6 7. d3 Ne7 8. Re1
Ng6 9. h3 Bxf3 10. Qxf3 Qxf3 11. gxf3 Be7 12. Be3 f5 13. exf5 Nh4 14. Nd2 Nxf5
15. d4 O-O 16. Bxc6 bxc6 17. dxe5 dxe5 18. Kf1 Rae8 19. Ke2 Nd6 20. Rg1 Rf5 21.
Rg4 Rh5 22. Rh1 Rb8 23. b3 Nb5 24. Ne4 Rd8 25. a4 Nd6 26. Nc5 Rb8 27. b4 a5 28.
Ne6 Ne8 29. Bc5 Bxc5 30. Nxc5 Nf6 31. Rc4 axb4 32. cxb4 Nd5 33. Nd3 Rh6 34. Kd2
Rd6 35. Kc2 Nb6 36. Rc5 Nxa4 37. Rxe5 Rbd8 38. Rd1 Nb6 39. Nb2 Nd5 40. Re4 Rf6
41. Rd3 Rdf8 42. b5 Rb8 43. Kd2 Rxb5 44. Nc4 h6 45. Ne5 Rb2+ 46. Ke1 Kh7 47. Nd7
Rf5 48. Re8 Nf4 49. Rd4 Ng6 50. h4 c5 51. Rd1 c4 52. h5 Rxh5 53. Nf6+ gxf6 54.
Rd7+ Ne7 55. Rexe7+ Kg6 56. Rg7+ Kf5 57. Rd5+ Ke6 58. Rxh5 Kd6 59. Rxh6 c3 60.
Rxf6+ Ke5 61. Rc6 Kf4 62. Rf7+ Ke5 63. Rxc3 c5 64. Rxc5+ Kd4 65. Rfc7 Rb4 66.
Ke2 Rb3 67. f4 Ke4 68. Rc4+ Kf5 69. R7c5+ Kg4 70. Rg5+ Kh4 71. Rc8 Rb2+ 72. Kd3
Rb3+ 73. Kc2 Rc3+ 74. Kxc3 1-0

[Event "Olimpiade 2018 - Open"]
[Site "Batumi"]
[Date "01.10.2018"]
[Round "7.2"]
[Board "4"]
[White "Shankland, Samuel"]
[Black "Brkic, Ante"]
[Result "1-0"]
[WhiteTitle "GM"]
[BlackTitle "GM"]
[WhiteElo "2722"]
[BlackElo "2565"]
[WhiteTeam "United States of America"]
[BlackTeam "Croatia"]
[WhiteFideId "2004887"]
[BlackFideId "14506688"]
[EventDate "2018.09.24"]

1. e4 c5 2. Nf3 d6 3. Bb5+ Nd7 4. d4 Nf6 5. Nc3 cxd4 6. Qxd4 e5 7. Qd3 h6 8. a4
a6 9. Bc4 Nc5 10. Qe2 Bg4 11. h3 Bh5 12. O-O Be7 13. g4 Bg6 14. Nh4 Bh7 15. Nf5
O-O 16. Rd1 Rc8 17. a5 Ne6 18. Be3 Bxf5 19. gxf5 Nf4 20. Bxf4 exf4 21. e5 f3 22.
Qf1 Ne8 23. Bd5 Rc5 24. Ne4 Rxa5 25. f6 gxf6 26. exd6 Nxd6 27. Rxa5 Qxa5 28.
Nxd6 Bxd6 29. Qd3 Kg7 30. Qxf3 Re8 31. Qg4+ Kf8 32. Qh5 Qc7 33. Qxh6+ Ke7 34.
Qh7 Kd8 35. Bxb7 Qxb7 36. Rxd6+ Ke7 37. Rd3 Qc6 38. Re3+ Kd8 39. Qd3+ Kc7 40.
Rxe8 Qxe8 41. Qxa6 1-0

[Event "Olimpiade 2018 - Open"]
[Site "Batumi"]
[Date "01.10.2018"]
[Round "7.18"]
[Board "4"]
[White "Burovic, Rijad"]
[Black "Schreiner, Peter"]
[Result "0-1"]
[WhiteTitle "FM"]
[BlackTitle "IM"]
[WhiteElo "2380"]
[BlackElo "2463"]
[WhiteTeam "Bosnia & Herzegovina"]
[BlackTeam "Austria"]
[WhiteFideId "14407701"]
[BlackFideId "1621645"]
[EventDate "2018.09.24"]

1. e4 e5 2. f4 exf4 3. Bc4 Nf6 4. Nc3 c6 5. Bb3 d5 6. exd5 cxd5 7. d4 Bb4 8. Ne2
O-O 9. O-O g5 10. g3 Bxc3 11. Nxc3 Bf5 12. gxf4 g4 13. Be3 Nc6 14. Bf2 Ne4 15.
Nxd5 Nxf2 16. Rxf2 Be4 17. Qxg4+ Kh8 18. Qh5 f5 19. Nc3 Qxd4 20. Nxe4 Qxe4 21.
Rg2 Nd4 22. Qh6 Qe7 23. Bd5 Rad8 24. c4 b5 25. b3 bxc4 26. bxc4 Ne2+ 27. Kh1 Nc3
28. Bf3 Rg8 29. c5 Rxg2 30. Bxg2 Ne4 31. c6 Nf2+ 32. Kg1 Ng4 0-1

[Event "Olimpiade 2018 - Open"]
[Site "Batumi"]
[Date "01.10.2018"]
[Round "7.20"]
[Board "4"]
[White "Rajbhandari, Rijendra"]
[Black "Valsecchi, Alessio"]
[Result "1/2-1/2"]
[WhiteTitle "CM"]
[BlackTitle "IM"]
[WhiteElo "1937"]
[BlackElo "2500"]
[WhiteTeam "Nepal"]
[BlackTeam "Italy"]
[WhiteFideId "12300403"]
[BlackFideId "818860"]
[EventDate "2018.09.24"]

1. d4 Nf6 2. c4 e6 3. g3 c5 4. d5 exd5 5. cxd5 d6 6. Nc3 g6 7. Bg2 Bg7 8. Nf3
O-O 9. O-O a6 10. a4 Re8 11. Nd2 Nbd7 12. h3 Rb8 13. Nc4 Ne5 14. Na3 Nh5 15. e4
Bd7 16. a5 Qxa5 17. g4 Nf6 18. g5 Nh5 19. f4 b5 20. Nc2 Qb6 21. fxe5 Bxe5 22.
Ne2 b4 23. Rf2 Bb5 24. Bf3 Ng3 25. Nxg3 Bxg3 26. Rg2 Be5 27. Kh1 Bd7 28. Bg4
Bxg4 29. Qxg4 Qb5 30. Qe2 Qd7 31. Qf3 Rf8 32. Ne3 f6 33. Qg4 Qb5 34. Qe2 fxg5
35. Nc4 Bf4 36. b3 Qd7 37. Qg4 Qe7 38. Re2 Rbe8 39. Bxf4 Rxf4 40. Qe6+ Qxe6 41.
dxe6 Rxe6 42. Rxa6 Rfxe4 43. Rxe4 Rxe4 44. Rxd6 g4 45. hxg4 Rxg4 46. Kh2 Rg5 47.
Rd7 h5 48. Rc7 Rd5 49. Na5 g5 50. Nb7 Rd2+ 51. Kg1 Rd3 52. Rxc5 Rxb3 53. Rxg5+
Kf7 54. Rxh5 Rb2 55. Rb5 Ke7 56. Nc5 Kd6 57. Nd3 Rb1+ 58. Kg2 Kc6 59. Rxb4 1/2-1/2